Library Banner

The philosophy of economics: (Record no. 19592)

MARC details
000 -LEADER
fixed length control field 00470nam a2200181Ia 4500
001 - CONTROL NUMBER
control field 19212
008 - FIXED-LENGTH DATA ELEMENTS--GENERAL INFORMATION
fixed length control field 140407s9999 xx 000 0 und d
020 ## - INTERNATIONAL STANDARD BOOK NUMBER
International Standard Book Number 0-521-45311-9
040 ## - CATALOGING SOURCE
Transcribing agency PK-LaUMT
082 ## - DEWEY DECIMAL CLASSIFICATION NUMBER
Classification number 330.1
Item number PHI-
100 ## - MAIN ENTRY--PERSONAL NAME
Personal name Daniel M. Hausman
245 #4 - TITLE STATEMENT
Title The philosophy of economics:
Remainder of title An anthology.
Statement of responsibility, etc Daniel M. Hausman
250 ## - EDITION STATEMENT
Edition statement 2nd
260 ## - PUBLICATION, DISTRIBUTION, ETC. (IMPRINT)
Place of publication, distribution, etc Cambridge,USA:
Name of publisher, distributor, etc Cambridge University Press,
Date of publication, distribution, etc 1995
300 ## - PHYSICAL DESCRIPTION
Extent 469 p.
546 ## - LANGUAGE NOTE
Language note EN
942 ## - ADDED ENTRY ELEMENTS (KOHA)
Koha item type Books
Holdings
Withdrawn status Lost status Damaged status Not for loan Home library Current library Date acquired Total Checkouts Full call number Barcode Date last seen Price effective from Koha item type
        UMT Main Campus UMT Main Campus 2014-04-07   330.1 PHI- 22433 2014-04-23 2014-04-23 Books